Využitie strategického plánovania v konkrétnych podmienkach firmy diplomová práca

Salvato in:
Dettagli Bibliografici
Autore principale: Mikluš, Marián
Ente Autore: Národohospodárska fakulta EU. Katedra hospodárskej politiky
Altri autori: Blašková, Mária
Natura: Libro
Lingua:slovacco
Pubblicazione: Bratislava 2009
Tags: Aggiungi Tag
Nessun Tag, puoi essere il primo ad aggiungerne!!

MARC

LEADER 00000nam$a2200000$$$4500
001 0105125
005 20240319123920.1
041 0 |a slo 
044 |a SK 
245 1 0 |a Využitie strategického plánovania v konkrétnych podmienkach firmy  |b diplomová práca  |c Marián Mikluš ; škol. Mária Blašková 
264 1 |a Bratislava  |c 2009 
300 |a 78 s. 
100 1 |a Mikluš, Marián 
700 1 |a Blašková, Mária 
710 2 |a Národohospodárska fakulta EU. Katedra hospodárskej politiky